000
00509nam a2200169Ia 4500
008
090711s9999 xx 000 0 und d
082
_b
37382
100
_a
प्रभुदेसाई बाळउाgऎष्ण
245
_a
जहाज
260
_c
1977
300
_a
170
600
_a
प्रभुदेसाई बाळउाgऎष्ण
630
_a
जहाज
700
_a
प्रभुदेसाई बाळउाgऎष्ण
730
_a
जहाज
942
_c
BOOK
999
_c
305302
_d
305302